{"text_format":"1","workbook":"xlsx","n_sheets":1,"sheets":["inv_veneno_abril_2022"],"not_rendered":{"charts":0,"images":2,"macros":0,"external_links":0,"defined_names":0,"comments":0,"pivot_tables":0},"unopened":[],"bounds":{"document_bytes":16777216,"sheet_cells":100000,"rows_first":2000,"rows_last":500,"rows_between":2000,"halvings":0,"cell_chars":16384,"cell_head_chars":4096},"cells_cut":0,"cells_raw":0,"read":"whole","date_system":"1900"}

{"sheet":"inv_veneno_abril_2022","index":0,"n_rows":220,"n_cols":8,"rows_kept":220,"cut":false,"hidden":false,"merged":[[1,0,1,7],[2,0,2,7],[3,0,3,7],[79,0,79,7],[80,0,80,7],[5,0,9,0],[5,1,9,1],[5,2,9,2],[5,3,9,3],[5,4,9,4],[5,5,9,5],[5,6,9,6],[5,7,9,7],[60,0,60,6],[153,0,153,6],[219,0,219,6],[81,0,81,7],[161,0,161,7],[162,0,162,7],[163,0,163,7],[83,0,87,0],[83,1,87,1],[83,2,87,2],[83,3,87,3],[83,4,87,4],[83,5,87,5],[83,6,87,6],[83,7,87,7],[165,0,169,0],[165,1,169,1],[165,7,169,7],[165,2,169,2],[165,3,169,3],[165,4,169,4],[165,5,169,5],[165,6,169,6]]}
[]
["INSTITUTO DEL TABACO DE LA REPÚBLICA DOMINICANA"]
["INVENTARIO DE VENENO"]
["MES DE ABRIL 2025"]
[]
["Fecha de adquisición y/o registro","Artículo","Código Institucional","Descripción artículo","Existencia","Unidad","Costo","Valor"]
[]
[]
[]
[]
["2017-11-02","SEMILLAS ( 7 )","SEMGUAN-LIB","SEMILLA DE GUANDUL-LIB",86,"LIBRAS",1,{"$f":"+G11*E11","v":86}]
["2017-11-02","NEMATICOS ( 5 )","BIO 5WP","BIOSOFT 5 WP",364,"25GR",85,{"$f":"+G12*E12","v":30940}]
["2017-06-19","OTROS ( 12 )","BM16L","BOMBA MOCHILA 16LTS",713,"UND",649,462737]
["2018-04-24","OTROS ( 12 )","BOMB","BOMBAS ASPERJADORAS 16L",14,"UND",1300,18200]
["2018-09-11","OTROS ( 12 )","BPD100CC","BOMBAS PULVERIZADORAS D. 100CC",6,"UND",1500,9000]
["2017-11-08","OTROS ( 12 )","BPULV.16L","BOMBA PULVERIZADORA 16LTS",114,"UND",4650,530100]
["2017-11-19","OTROS ( 12 )","MY14WP","MYCOUP 14 WP",53,"500 GR",1650,87450]
["2017-11-02","ADHERENTE-COAGULANTE ( 39 )","AAD 21.5 SL","AQUALINE ADHERENTE DISP. 21.5 SL",147,"250 CC",96,14112]
["2017-01-17","ADHERENTE-COAGULANTE ( 39 )","EMUL PEN  ADH 250 CC","EMULSIFICANTE, PENETRANTE Y ADHERE 250CC",306,"UND",82.35,25199.1]
["2017-11-20","ADHERENTE-COAGULANTE ( 39 )","IMBILT","IMBIREX CR 80 SL",7,"LITRO",553.04,3871.2799999999997]
["2017-11-02","ADHERENTE-COAGULANTE ( 39 )","SPREA","SPREADER (EMULSIFICANTE ML-20)",70,"250 CC",75,5250]
["2018-01-04","DESHIJANTE ( 37 )","AGREE-LT","AGREE 12.5 EC",61,"LITRO",940.23,57354.03]
["2017-11-02","DESHIJANTE ( 37 )","FM12.5","FLUMETRINA 12.5 EC",37,"LITRO",2190,81030]
["2016-10-07","DESHIJANTE ( 37 )","PRIM+25-LT","PRIME 12.5 EC ",1,"LITRO",2439.6,2439.6]
["2017-11-16","FUNGICIDAS ( 4 )","ACA2%+AC.","ACIDO ACETICO 2%+ACIDO 0.03%",12,"LITRO",1150,13800]
["2017-11-02","FUNGICIDAS ( 4 )","AGTV5WP","AGRILAND TRICH. VIRIDE 5 WP",158,"25GR",89,14062]
["2017-11-02","FUNGICIDAS ( 4 )","AL80WP","ALUTYL 80 WP",223,"1000GR",475.00004999999999,105925.01114999999]
["2018-08-08","FUNGICIDAS ( 4 )","AN24SL","ANUBIS 24 SL",235,"LITRO",572,134420]
["2017-11-02","FUNGICIDAS ( 4 )","B.S20WG","BLUE SHIELD 20 WG",58,"500 GR",550,31900]
["2017-01-12","FUNGICIDAS ( 4 )","CIAZ 10% + DIM 30%","CIAZOFAMID 10%+DIMETOMORPH30%",600,"250 CC",1024,614400]
["2018-08-08","FUNGICIDAS ( 4 )","CRIBA","CRIBA 25 SC",34,"LITRO",1664.25,56584.5]
["2017-11-07","FUNGICIDAS ( 4 )","D+M500GR","+MANCOZEB 500GR /O 750",32,"UND",410,13120]
["2017-01-16","FUNGICIDAS ( 4 )","FA80%WP","FOSETIL ALUMINIO 80% WP",353,"K.G",280,98840]
["2017-02-14","FUNGICIDAS ( 4 )","FOLPAN-KG","FOLPAN KILOGRAMO",1977,"1 KG",698.27125999999998,1380482.2810199999]
["2017-02-14","FUNGICIDAS ( 4 )","HC50WP","HIDROXIDO DE COBRE 50WP",136,"1 KG",749,101864]
["2017-11-02","FUNGICIDAS ( 4 )","P.10SA","PROBACIL 10 SA",100,"LITRO",900,90000]
["2017-11-02","FUNGICIDAS ( 4 )","PROP 70WP","PROPINEB 70 WP ",388,"500 GR",190,73720]
["2017-01-03","FUNGICIDAS ( 4 )","PROP.72","PROPAMOCARB 72%",37,"250 CC",100,3700]
["2018-01-03","FUNGICIDAS ( 4 )","QUIMAZIN","QUIMAZIN 50 SC",4,"LITRO",299.57,1198.28]
["2017-01-12","FUNGICIDAS ( 4 )","SULFA-COB-001","SULFATO COBRE ",260,"LITRO",540,140400]
["2017-11-20","FUNGICIDAS ( 4 )","TR WP KG.","TRICHODERMA WP",161,"KGR",3826.36,616043.96]
["2017-09-13","HERBICIDAS ( 3 )","K-BAL 50EC LT"," K-BAL 50EC (PENDIMENTALINA)",3,"LITRO",428.9,1286.6999999999998]
["2017-02-03","HERBICIDAS ( 3 )","LANCHA-LT","LANCHA 50 EC",14,"LITRO",399.4,5591.5999999999995]
["2017-11-01","INSECTICIDAS ( 2 )","AB,","ABAMECTINA 1.8% EC",74,"250 CC",139.03473,10288.570019999999]
["2018-04-02","INSECTICIDAS ( 2 )","BEN 1.8 EC","BENEACTIVO 1.8 EC",10,"250 CC",137.5,1375]
["2016-10-27","INSECTICIDAS ( 2 )","BT500G","BACILLUS THURINGIENSIS 500G.",126,"UND",759,95634]
["2016-10-05","INSECTICIDAS ( 2 )","CL40EC","CLORPYKING 40 EC",373,"100 CC",85.724999999999994,31975.424999999999]
["2018-01-04","INSECTICIDAS ( 2 )","CY 75WP","CYROMAZINE 75 WP",27,"100 GR",211,5697]
["2017-02-09","INSECTICIDAS ( 2 )","DEL2.5","DELTAMETRINA 2.5 EC ",132,"250 ML",99,13068]
["2017-11-11","INSECTICIDAS ( 2 )","EM3.0+B7.0","EMAMECTIN BENZOATO 3.0+ LAMBD7.0",160,"250 ML",420,67200]
["2016-03-15","INSECTICIDAS ( 2 )","ESP.24SC","ESPINOSAD 24 SC",2,"UND",4871,9742]
["2016-12-31","INSECTICIDAS ( 2 )","FLUP 20% SL 500CC","FLUPIRADIFURONA 20% SL 500CC",40,"500 CC",3402.63,136105.20000000001]
["2016-10-04","INSECTICIDAS ( 2 )","IM15.0+DEL4.0","IMIDACLOPRID15.0+DELTMETRINA 4.0",155,"250 ML",411.76,63822.799999999996]
["2018-01-04","INSECTICIDAS ( 2 )","SE1.34SC","SERENADE 1.34 SC",165,"LITRO",924.8,152592]
["2018-01-02","VETERINARIOS ( 6 )","ATROPINA","ATROPINA 10 CC",2,"10CC",83.93,167.86]
["2017-11-20","VETERINARIOS ( 6 )","JERING. 5CC","JERINGA 5CC",96,"UND",4.9771200000000002,477.80352000000005]
["2018-08-08","VETERINARIOS ( 6 )","JERINGA","JERINGA 10",367,"UND",8.6624400000000001,3179.1154799999999]
["2017-10-02","VETERINARIOS ( 6 )","JERINGA.","JERINGA 20",14,"UND",12.1,169.4]
["2018-08-08","VETERINARIOS ( 6 )","JER-INS1CC","JERINGUILLA INSUL. 1CC",50,"UND",5.92,296]
["2017-01-23","VETERINARIOS ( 6 )","OXITOXINA","OXITOCINA OVER",1,"50 CC",100.74,100.74]
["TOTAL",null,null,null,null,null,null,{"$f":"SUM(H11:H60)","v":5416998.256190001}]
[]
[]
[]
[]
[]
[]
[]
[]
[]
[]
[]
[]
[]
[]
[]
[]
[]
[]
["INSTITUTO DEL TABACO DE LA REPÚBLICA DOMINICANA"]
["INVENTARIO DE VENENO"]
["MES DE MAYO 2025"]
[]
["Fecha de adquisición y/o registro","Artículo","Código Institucional","Descripción artículo","Existencia","Unidad","Costo","Valor"]
[]
[]
[]
[]
["2017-11-02","SEMILLAS ( 7 )","SEMGUAN-LIB","SEMILLA DE GUANDUL-LIB",86,"LIBRAS",1,{"$f":"+G89*E89","v":86}]
["2017-11-02","NEMATICOS ( 5 )","BIO 5WP","BIOSOFT 5 WP",377,"25GR",85,{"$f":"+G90*E90","v":32045}]
["2017-06-19","OTROS ( 12 )","AH 80%","ACIDO HUMICO 80%",6,"KGR",222.5001,1335.0006000000001]
["2018-04-24","OTROS ( 12 )","BOMB","BOMBAS ASPERJADORAS 16L",66,"UND",1300,85800]
["2018-09-11","OTROS ( 12 )","BPD100CC","BOMBAS PULVERIZADORAS D. 100CC",6,"UND",1500,9000]
["2017-11-08","OTROS ( 12 )","ENR AC H 12% AC F 6%","ENRAIZADOR(AC HUM12%+ AC F 6%+K20)LT",4,"UND",315,1260]
["2017-11-19","OTROS ( 12 )","MY14WP","MYCOUP 14 WP",62,"500 GR",1650,102300]
["2017-11-02","ADHERENTE-COAGULANTE ( 39 )","AAD 21.5 SL","AQUALINE ADHERENTE DISP. 21.5 SL",384,"250 CC",96,36864]
["2017-01-17","ADHERENTE-COAGULANTE ( 39 )","ADHERENTE-250CC","ADHERENTE 250CC",6,"UND",97,582]
["2017-11-20","ADHERENTE-COAGULANTE ( 39 )","EMUL PEN  ADH 250 CC","EMULSIFICANTE, PENETRANTE Y ADHERE 250CC",450,"UND",82.35,37057.5]
["2017-11-02","ADHERENTE-COAGULANTE ( 39 )","EMULNED","EMULNED X45 LT",18,"LITRO",474.17705999999998,8535.1870799999997]
["2018-01-04","ADHERENTE-COAGULANTE ( 39 )","IMBILT","IMBIREX CR 80 SL",55,"LITRO",553.04,30417.199999999997]
["2017-11-02","ADHERENTE-COAGULANTE ( 39 )","SPREA","SPREADER (EMULSIFICANTE ML-20)",179,"250 CC",75,13425]
["2016-10-07","DESHIJANTE ( 37 )","FLUM 12.5 EC(DQ) 1.0","FLUMETRALINA 12.5 EC (DES QUIMICO)1.0 LT",96,"LITRO",2294,220224]
["2017-11-16","DESHIJANTE ( 37 )","PRIM+25-LT","PRIME 12.5 EC ",1,"LITRO",2439.6,2439.6]
["2017-11-02","DESHIJANTE ( 37 )","SCK","SUCKERCIDE 12.5 EC",201,"LITRO",2323.0801000000001,466939.10010000004]
["2017-11-02","FUNGICIDAS ( 4 )","AC69WP","ACROBKING 69 WP",398,"500 GR",298.75002000000001,118902.50796]
["2018-08-08","FUNGICIDAS ( 4 )","ACID AC2% +A C 0.03%","ACIDO ACETICO 2%+ACIDO CITRICO 0.03%LT",102,"UND",1000,102000]
["2017-11-02","FUNGICIDAS ( 4 )","AGREE-LT","AGREE 12.5 EC",243,"LITRO",940.23,228475.89]
["2017-01-12","FUNGICIDAS ( 4 )","AGROT-72","AGROTIZON 72 EC",1,"250 CC",129.80211,129.80211]
["2018-08-08","FUNGICIDAS ( 4 )","AGTV5WP","AGRILAND TRICH. VIRIDE 5 WP",228,"25GR",89,20292]
["2017-11-07","FUNGICIDAS ( 4 )","AL80WP","ALUTYL 80 WP",1356,"1000GR",475.00004999999999,644100.06779999996]
["2017-01-16","FUNGICIDAS ( 4 )","AMP.70WP","AMPARO 70 WP",515,"500 GR",189.75,97721.25]
["2017-02-14","FUNGICIDAS ( 4 )","AN24SL","ANUBIS 24 SL",682,"LITRO",572,390104]
["2017-02-14","FUNGICIDAS ( 4 )","B.S20WG","BLUE SHIELD 20 WG",152,"500 GR",550,83600]
["2017-11-02","FUNGICIDAS ( 4 )","BS LT.","BACILLUS SUBTILIS",259,"LITRO",924.8,239523.19999999998]
["2017-11-02","FUNGICIDAS ( 4 )","CIAZ 10% D 30% 250CC","CIAZOFAMID 10% + DIMETOMORPH 30% 250 CC",923,"UND",1036.3599999999999,956560.27999999991]
["2017-01-03","FUNGICIDAS ( 4 )","CRIBA","CRIBA 25 SC",43,"LITRO",1664.25,71562.75]
["2018-01-03","FUNGICIDAS ( 4 )","D+M","ACROBKING 69 WP (DIMETOMORPH+MANCOZEB",59,"750GR",800,47200]
["2017-01-12","FUNGICIDAS ( 4 )","D+M500GR","+MANCOZEB 500GR /O 750",759,"UND",410,311190]
["2017-11-20","FUNGICIDAS ( 4 )","DIM 9% +MAN 60%","DIMETHOMORPH 9% + MANCOZEB 60%",196,"500 GR",267,52332]
["2017-09-13","FUNGICIDAS ( 4 )","FOLPAN-KG","FOLPAN KILOGRAMO",1977,"1 KG",698.27125999999998,1380482.2810199999]
["2017-02-03","FUNGICIDAS ( 4 )","MAND 25 SC 1.0 LT","MANDIPROPAMID 25 SC 1.0 LT",1,"UND",4400,4400]
["2017-11-01","FUNGICIDAS ( 4 )","OXICL 50WP","OXICLORURO DE COBRE 50 WP",143,"KILO",473,67639]
["2018-04-02","FUNGICIDAS ( 4 )","P 72.2 SL","PAREDON 72.2 SL",82,"250 CC",176.76009999999999,14494.3282]
["2016-10-27","FUNGICIDAS ( 4 )","P.10SA","PROBACIL 10 SA",314,"LITRO",900,282600]
["2016-10-05","FUNGICIDAS ( 4 )","PHOS-AL-250GR","PHOS -AL 250 GRAMOS",1,"250GR",251.06,251.06]
["2018-01-04","FUNGICIDAS ( 4 )","QUIMAZIN","QUIMAZIN 50 SC",38,"LITRO",299.57,11383.66]
["2017-02-09","FUNGICIDAS ( 4 )","SULFDCOB PEN 25 ASLT","SULFATODECOBRE PENTAHIDTADO 25 AS 1.0LT ",185,"UND",544.5,100732.5]
["2017-11-11","FUNGICIDAS ( 4 )","TR WP KG.","TRICHODERMA WP",207,"KGR",3826.36,792056.52]
["2016-03-15","FUNGICIDAS ( 4 )","TRIVIA","TRIVIA 72 .7 WP (FLUOP+PROPI)",24,"500 GR",1388.2083,33316.999199999998]
["2016-12-31","HERBICIDAS ( 3 )","K-BAL 50EC LT"," K-BAL 50EC (PENDIMENTALINA)",3,"LITRO",428.9,1286.6999999999998]
["2016-10-04","HERBICIDAS ( 3 )","LANCHA-LT","LANCHA 50 EC",14,"LITRO",399.4,5591.5999999999995]
["2018-01-04","INSECTICIDAS ( 2 )","AB,","ABAMECTINA 1.8% EC",173,"250 CC",139.03473,24053.008289999998]
["2018-01-02","INSECTICIDAS ( 2 )","ALD5.7WG","ALDOMAX 5.7 WG",3,"100 GR",139,417]
["2017-11-20","INSECTICIDAS ( 2 )","BEN 1.8 EC","BENEACTIVO 1.8 EC",62,"250 CC",137.5,8525]
["2018-08-08","INSECTICIDAS ( 2 )","CL40EC","CLORPYKING 40 EC",618,"100 CC",85.724999999999994,52978.049999999996]
["2017-10-02","INSECTICIDAS ( 2 )","D6.4WP","DIPEL 6.4 WP",222,"500 GR",774.73,171990.06]
["2018-08-08","INSECTICIDAS ( 2 )","DEL 2.5 EC 250 CC","DELTAMETRINA 2.5 EC 250 CC",149,"UND",125,18625]
["2017-01-23","INSECTICIDAS ( 2 )","EB100GR","EMAMECTIN BENZOATO 100GR AL 5%",114,"UND",144,16416]
["2018-02-16","INSECTICIDAS ( 2 )","FAN24.7SC","FAN 24.7 SC (LANBDACIHALO. +T)",1,"100 CC",180,180]
["2018-02-16","INSECTICIDAS ( 2 )","FLUP 20% SL 500CC","FLUPIRADIFURONA 20% SL 500CC",406,"500 CC",3402.63,1381467.78]
["2018-04-02","INSECTICIDAS ( 2 )","IMI 15 + DEL4 OD 250","IMIDACLOPRID 15 + DELTRAMETRI 4 OD 250CC",562,"UND",426.25,239552.5]
["2018-02-16","INSECTICIDAS ( 2 )","L9,4%T12,62%","LAMBDACIHALOTRNA 9,49%+THIAM.12,62%",530,"100 CC",130,68900]
["2016-11-03","INSECTICIDAS ( 2 )","MON.11.25SE","MONARCA 11.25 SE",208,"500 CC",1265.58,263240.64]
["2017-11-16","INSECTICIDAS ( 2 )","SP20SL","SIVANTO PRIME 20SL",1000,"LITRO",6464.52,6464520]
["2017-11-20","OTROS ( 12 )","ESP.24SC","ESPINOSAD 24 SC",624,"UND",4871.01,3039510.24]
["2017-11-29","OTROS ( 12 )","SE1.34SC","SERENADE 1.34 SC",192,"LITRO",924.8,177561.59999999998]
["2016-10-11","VETERINARIOS ( 6 )","ATROPINA","ATROPINA 10 CC",2,"10CC",83.93,167.86]
["2017-06-20","VETERINARIOS ( 6 )","JERING. 5CC","JERINGA 5CC",96,"UND",4.9771200000000002,477.80352000000005]
["2017-06-20","VETERINARIOS ( 6 )","JERINGA","JERINGA 10",367,"UND",8.6624400000000001,3179.1154799999999]
["2016-02-15","VETERINARIOS ( 6 )","JERINGA.","JERINGA 20",14,"UND",12.1,169.4]
["2016-02-15","VETERINARIOS ( 6 )","JER-INS1CC","JERINGUILLA INSUL. 1CC",50,"UND",5.92,296]
["2016-02-15","VETERINARIOS ( 6 )","OXITOXINA","OXITOCINA OVER",1,"50 CC",100.74,100.74]
["2016-02-15","VETERINARIO ( 4 )","OXITOXINA","OXITOCINA OVER",1,"50 CC",100.74,{"$f":"+E153*G153","v":100.74}]
["TOTAL",null,null,null,null,null,null,{"$f":"SUM(H89:H153)","v":19038666.521359995}]
[]
[]
[]
[]
[]
[]
[]
["INSTITUTO DEL TABACO DE LA REPÚBLICA DOMINICANA"]
["INVENTARIO DE VENENO"]
["MES DE JUNIO 2025"]
[]
["Fecha de adquisición y/o registro","Artículo","Código Institucional","Descripción artículo","Existencia","Unidad","Costo","Valor"]
[]
[]
[]
[]
["2017-11-02","SEMILLAS ( 7 )","SEMGUAN-LIB","SEMILLA DE GUANDUL-LIB",86,"LIBRAS",1,{"$f":"+G171*E171","v":86}]
["2017-11-02","NEMATICOS ( 5 )","BIO 5WP","BIOSOFT 5 WP",364,"25GR",85,{"$f":"+G172*E172","v":30940}]
["2017-06-19","OTROS ( 12 )","BM16L","BOMBA MOCHILA 16LTS",660,"UND",649,428340]
["2018-04-24","OTROS ( 12 )","BOMB","BOMBAS ASPERJADORAS 16L",14,"UND",1300,18200]
["2018-09-11","OTROS ( 12 )","BPD100CC","BOMBAS PULVERIZADORAS D. 100CC",6,"UND",1500,9000]
["2017-11-08","OTROS ( 12 )","BPULV.16L","BOMBA PULVERIZADORA 16LTS",97,"UND",4650,451050]
["2017-11-19","OTROS ( 12 )","MY14WP","MYCOUP 14 WP",53,"500 GR",1650,87450]
["2017-11-02","ADHERENTE-COAGULANTE ( 39 )","AAD 21.5 SL","AQUALINE ADHERENTE DISP. 21.5 SL",145,"250 CC",96,13920]
["2017-01-17","ADHERENTE-COAGULANTE ( 39 )","EMUL PEN  ADH 250 CC","EMULSIFICANTE, PENETRANTE Y ADHERE 250CC",306,"UND",82.35,25199.1]
["2017-11-20","ADHERENTE-COAGULANTE ( 39 )","IMBILT","IMBIREX CR 80 SL",7,"LITRO",553.04,3871.2799999999997]
["2017-11-02","ADHERENTE-COAGULANTE ( 39 )","SPREA","SPREADER (EMULSIFICANTE ML-20)",70,"250 CC",75,5250]
["2018-01-04","DESHIJANTE ( 37 )","AGREE-LT","AGREE 12.5 EC",60,"LITRO",940.23,56413.8]
["2017-11-02","DESHIJANTE ( 37 )","FM12.5","FLUMETRINA 12.5 EC",37,"LITRO",2190,81030]
["2016-10-07","DESHIJANTE ( 37 )","PRIM+25-LT","PRIME 12.5 EC ",1,"LITRO",2439.6,2439.6]
["2017-11-16","FUNGICIDAS ( 4 )","ACA2%+AC.","ACIDO ACETICO 2%+ACIDO 0.03%",12,"LITRO",1150,13800]
["2017-11-02","FUNGICIDAS ( 4 )","AGTV5WP","AGRILAND TRICH. VIRIDE 5 WP",158,"25GR",89,14062]
["2017-11-02","FUNGICIDAS ( 4 )","AL80WP","ALUTYL 80 WP",223,"1000GR",475.00004999999999,105925.01114999999]
["2018-08-08","FUNGICIDAS ( 4 )","AN24SL","ANUBIS 24 SL",235,"LITRO",572,134420]
["2017-11-02","FUNGICIDAS ( 4 )","B.S20WG","BLUE SHIELD 20 WG",58,"500 GR",550,31900]
["2017-01-12","FUNGICIDAS ( 4 )","CIAZ 10% + DIM 30%","CIAZOFAMID 10%+DIMETOMORPH30%",600,"250 CC",1024,614400]
["2018-08-08","FUNGICIDAS ( 4 )","CRIBA","CRIBA 25 SC",31,"LITRO",1664.25,51591.75]
["2017-11-07","FUNGICIDAS ( 4 )","D+M500GR","+MANCOZEB 500GR /O 750",32,"UND",410,13120]
["2017-01-16","FUNGICIDAS ( 4 )","FA80%WP","FOSETIL ALUMINIO 80% WP",343,"K.G",280,96040]
["2017-02-14","FUNGICIDAS ( 4 )","FOLPAN-KG","FOLPAN KILOGRAMO",1977,"1 KG",698.27125999999998,1380482.2810199999]
["2017-02-14","FUNGICIDAS ( 4 )","HC50WP","HIDROXIDO DE COBRE 50WP",136,"1 KG",749,101864]
["2017-11-02","FUNGICIDAS ( 4 )","P.10SA","PROBACIL 10 SA",100,"LITRO",900,90000]
["2017-11-02","FUNGICIDAS ( 4 )","PROP 70WP","PROPINEB 70 WP ",386,"500 GR",190,73340]
["2017-01-03","FUNGICIDAS ( 4 )","PROP.72","PROPAMOCARB 72%",35,"250 CC",100,3500]
["2018-01-03","FUNGICIDAS ( 4 )","QUIMAZIN","QUIMAZIN 50 SC",4,"LITRO",299.57,1198.28]
["2017-01-12","FUNGICIDAS ( 4 )","SULFA-COB-001","SULFATO COBRE ",256,"LITRO",540,138240]
["2017-11-20","FUNGICIDAS ( 4 )","TR WP KG.","TRICHODERMA WP",161,"KGR",3826.36,616043.96]
["2017-09-13","HERBICIDAS ( 3 )","K-BAL 50EC LT"," K-BAL 50EC (PENDIMENTALINA)",2,"LITRO",428.9,857.8]
["2017-02-03","INSECTICIDAS ( 2 )","AB,","ABAMECTINA 1.8% EC",72,"250 CC",139.03473,10010.50056]
["2017-11-01","INSECTICIDAS ( 2 )","BEN 1.8 EC","BENEACTIVO 1.8 EC",10,"250 CC",137.5,1375]
["2018-04-02","INSECTICIDAS ( 2 )","BT500G","BACILLUS THURINGIENSIS 500G.",124,"UND",759,94116]
["2016-10-27","INSECTICIDAS ( 2 )","CL40EC","CLORPYKING 40 EC",371,"100 CC",85.724999999999994,31803.974999999999]
["2016-10-05","INSECTICIDAS ( 2 )","CY 75WP","CYROMAZINE 75 WP",27,"100 GR",211,5697]
["2018-01-04","INSECTICIDAS ( 2 )","DEL2.5","DELTAMETRINA 2.5 EC ",132,"250 ML",99,13068]
["2017-02-09","INSECTICIDAS ( 2 )","EM3.0+B7.0","EMAMECTIN BENZOATO 3.0+ LAMBD7.0",160,"250 ML",420,67200]
["2017-11-11","INSECTICIDAS ( 2 )","ESP.24SC","ESPINOSAD 24 SC",2,"UND",4871,9742]
["2016-03-15","INSECTICIDAS ( 2 )","FLUP 20% SL 500CC","FLUPIRADIFURONA 20% SL 500CC",40,"500 CC",3402.63,136105.20000000001]
["2016-12-31","INSECTICIDAS ( 2 )","IM15.0+DEL4.0","IMIDACLOPRID15.0+DELTMETRINA 4.0",155,"250 ML",411.76,63822.799999999996]
["2016-10-04","INSECTICIDAS ( 2 )","SE1.34SC","SERENADE 1.34 SC",162,"LITRO",924.8,149817.60000000001]
["2018-01-04","VETERINARIOS ( 6 )","ATROPINA","ATROPINA 10 CC",2,"10CC",83.93,167.86]
["2018-01-02","VETERINARIOS ( 6 )","JERING. 5CC","JERINGA 5CC",96,"UND",4.9771200000000002,477.80352000000005]
["2017-11-20","VETERINARIOS ( 6 )","JERINGA","JERINGA 10",367,"UND",8.6624400000000001,3179.1154799999999]
["2018-08-08","VETERINARIOS ( 6 )","JERINGA.","JERINGA 20",14,"UND",12.1,169.4]
["2017-10-02","VETERINARIOS ( 6 )","JER-INS1CC","JERINGUILLA INSUL. 1CC",50,"UND",5.92,296]
["2018-08-08","VETERINARIOS ( 6 )","OXITOXINA","OXITOCINA OVER",1,"50 CC",100.74,100.74]
["TOTAL",null,null,null,null,null,null,{"$f":"SUM(H171:H219)","v":5281123.8567299983}]